00731nam a2200145Ia 4500008004100000020001500041050001600056100002900072245006600101260003700167300003600204500008400240505022000324650004100544120626s1998 mx 000 0 spa d a9701015177 aPC4582bP45 aPecina, José C.eautor aEtimologías b: Un enfoque interactivoc/ José C., Pecina aMéxicob: McGraw- Hillc, 1998 a296 páginasb: ilustraciones  aIncluye: Contenido, Prefacio, Introducción, Respuestas a las autoevaluaciones aI. Unidad introductoria II. El latín y su evolución al español III. El griego y su presencia en el español IV. Evolución del significado de las palabras (evolución semántica) V. Lexicología  0aETIMOLOGÍASxESTUDIO Y ENSEÑANZA